000 00661nam a2200265 a 4500
001 nice12345678
003 IN_TiNIC
005 20260116014505.0
008 080110s2006 dela grp 000 0 eng
020 _a8178242036
_c395
082 0 0 _a306
_bLOO
100 _aLoomba, Ania
245 _aPost Colonial Studies and Beyond
260 _aDelhi
_bPermanent Black
_c2006
300 _a499p
500 _aincludes index and biblioraphy
505 2 _abiblio, index
650 _aComparative Religion
650 _aPost Colonial Theory
700 1 _aSuvir, Kaul
700 1 _aMatti, Bunal
902 _bSRS
942 _cBK
999 _c15594
_d15594